000 00329 a2200157 4500
001 62021
020 _a9788510054096
040 _cAnchieta - Pituba
100 _aGonçalves, Marcos
240 1 0 _aGeografia 7
_lpor
245 1 0 _aGeografia 7
300 _a239
362 0 _a2013
650 4 _aGeografia e viagens
942 _cBK
999 _c62021
_d62021